| 000 | 00526nam a2200169Ia 4500 | ||
|---|---|---|---|
| 008 | 090201s9999 xx 000 0 und d | ||
| 010 | _aKPL-38400 | ||
| 040 | _bमराठी | ||
| 041 | _aमराठी | ||
| 082 |
_a19783 _b38400 |
||
| 100 | _aगुरुनाथ नाईक | ||
| 245 |
_aगुलाम राजा _cगुरुनाथ नाईक |
||
| 260 |
_c2004 _bप्रिया प्रकाशन |
||
| 300 |
_a205 _bमोठा |
||
| 600 | _aगुलाम राजा | ||
| 942 | _cBOOK | ||
| 999 |
_c219590 _d219590 |
||